000 01302nam a22002777a 4500
999 _c65970
_d65970
005 20240530110852.0
008 200912s2019 ua a f b 000 0dara d
017 _a2015/8255
_bمصر. دار الكتب
020 _a9789779202280
040 _aEG-CaGPL
_cEG-CaGPL
082 0 4 _221
_a932
_bق/ف ط
100 1 _aفويشت ، اريكا
245 1 2 _aالطفل فى مصر القديمة :
_bمكانة الطفل فى الاسرة والمجتمع من خلال نصوص وصور مصرية قديمة /
_cتأليف اريكا فويشت ؛ ترجمة مصطفى عبدالباسط ؛ مراجعة محمد ابراهيم بكر
250 _aط.1
260 _aالقاهرة :
_bالمركز القومى للترجمة ،
_c2019
300 _a739 ص. ؛
_c24 سم.
490 0 _aالمركز القومى للترجمة ؛
_v2665
504 _aيشتمل على ارجاعات ببليوجرافية
650 0 7 _2qrmak
_aتعليم الاطفال
_zمصر القديمة
650 0 7 _aالتمرد
_2qrmak
_zمصر القديمة
651 0 7 _aمصر القديمة
_xتاريخ
_2qrmak
700 0 _aمصطفى عبدالباسط
_eمترجم
700 0 _aمحمد ابراهيم بكر
_eمراجع
942 _2ddc
_cBK